LEADER 01054nam a2200265 i 4500 001 000000149516 003 CaOOAMICUS 005 20060601000000.0 008 060601s2003 it u000 u ita u 013 $a126839 020 $a88-311-6072-9 040 $aSeMil$bita 100 1 $aSorgi, Tommaso.$0(OLS)http://semarc/name/14544 245 13$aUn'anima di fuoco :$bprofilo di Igino Giordani (1894-1980) /$cTommaso Sorgi. 260 $aRoma :$bCittà Nuova,$cCopyr. 2003. 300 $a141 p. ;$c21 cm. 500 $aDono del Card. Dionigi Tettamanzi. 650 4$aGiordani, Igino <1894-1980>.$0(OLS)http://semarc/subject/7947 850 $aSeMil 852 $aSeMil$W1$xVenegono$y1$m3J II 347$j101724$B101724$CSeMilBibl$Z2$F112072 $81 941 1 $a5 961 $aOmaggio: Tettamanzi Card. Dionigi 996 $6020$a88-311-6072-9$9(OLS)http://semarc/number/138622 996 $6245$aUn'anima di fuoco :$bprofilo di Igino Giordani (1894-1980)$9(OLS)http://semarc/title/218537 996 $6260$aRoma :$bCittà Nuova$9(OLS)http://semarc/publisher/29609 LEADER 00910nam a2200205 4500 001 000000357931 003 CaOOAMICUS 005 20240409144704.0 008 240409s1952 it 100 u ita r 040 $aSeMil$bita 110 0 $aCentro Mariano Monfortano.$0(OLS)http://semarc/name/119519 245 10$aAtti del convegno mariano-sacerdotale di Verona :$b10-12 settembre 1952 /$cCentro Mariano Monfortano. 264 1$aRoma :$bEdizioni Monfortane,$c1952. 300 $a73 p. ;$c28 cm 650 4$aMeditazioni per sacerdoti.$0(OLS)http://semarc/subject/32222 850 $aSeMil 852 $aSeMil$W1$xVenegono$y1$m5B VI 6/7$j247509$B249072$CSeMilBibl$Z2$F249072 $81 996 $6245$aAtti del convegno mariano-sacerdotale di Verona :$b10-12 settembre 1952$9(OLS)http://semarc/title/448227 996 $6264$aRoma :$bEdizioni Monfortane$9(OLS)http://semarc/publisher/61688